00935 2200313 4500001002100000005001500021035002000036007000300056040001600059100003600075245013400111250001100245300003600256020002200292041000800314082001000322084001600332090002500348264003100373336002100404337003000425338002300455650001000478700003500488850001000523008004100533500002900574990001800603INLIS00000000000474520260524122255 a0010-0122000377ta aSPBUPDbind0 aSaiful Hadi El-SuthaePengarang1 aMutiara Hikmah Satu :bDua Puluh Pelajaran Hidup Mulia Berdasarkan Kisah Kisah Nyata /cSaiful Hadi El-Sutha ;editor, Sayed Mahdi aCet. 6 a136 Hal. :billus. ;c13 x 19cm a978-979-015-797-2 aind a2X2.6 a2X2.6 SAI m a2x1.3 NUR t L 2 R 15 aJakarta :bErlangga,c2010 2rdacontentaTeks 2rdamediaaTanpa Perantara 2rdacarrieraVolume 4aAgama aEditor, Sayed MahdiePengarang aPUPAD260524 0  aProfile Penulis, hlm 135 a13947/BR/2010